Wird geladen...
Blooded thought:occasions of theatre /
| 1. Verfasser: | |
|---|---|
| Format: | Printed Book |
| Sprache: | English |
| Veröffentlicht: |
New york :
Performing arts journal publications,
c1982.
|
| Schlagworte: |
| LEADER | 00573 a2200157 4500 | ||
|---|---|---|---|
| 008 | 150103s9999 000 0 eng | ||
| 020 | |a 0933826397 | ||
| 082 | |a 792.01 | ||
| 100 | |a Blau, Herbert. | ||
| 245 | |a Blooded thought:occasions of theatre / | ||
| 260 | |a New york : |b Performing arts journal publications, |c c1982. | ||
| 300 | |a 166 p. | ||
| 650 | |a Drama history & criticism | ||
| 942 | |c BK | ||
| 999 | |c 301294 |d 301294 | ||
| 952 | |0 0 |1 0 |2 ddc |4 0 |6 792_010000000000000_BLA_BL |7 0 |9 344562 |a DRA |b DRA |c ST1 |d 2010-08-13 |i 3363 |l 1 |o 792.01 BLA/BL |p DRA3363 |r 2018-08-06 |s 2018-07-30 |w 2010-08-13 |y BK | ||